000 02488nam a22003377a 4500
005 20110608103154.0
010 _aENG-102721 B-462177-183
020 _a9780198067726
_c895.00
020 _a0198067720
_c895.00
035 _aEN-86254 B-462177-183
037 _bDBAD / PUB
037 _bAllied Pub/Ven
082 _a328.54
100 _aShankar, B.L.
_947565
245 _aThe Indian Parliament :
_cby B.L.Shankar [and] Valerian Rodrigues
_ba democracy at work /
260 _aNew Delhi
_bOxford University Press
_c2011
270 _aYMCA Library Building, Jai Singh Road
_bNew Delhi
_e110001
300 _axv,412 p.
_c25cm (Hb)
500 _aIncludes bibliographical references (p. [387]-397) and index.
700 _928520
_aRodrigues, Valerian.
942 _2ddc
_cEN
_mSHA
_h328.54
999 _c53324
_d53324